000 00468nam a2200169Ia 4500
008 180921t2017 xxu||||| |||| 00| 0 sin d
041 _asin
080 _a294.3
_bGNA
100 _aGnanananda Himi,Kiribathgoda
245 _aනුවණැත්තෝ දකිති දහම
246 _aNuwanaththo Dakiti Dahama
260 _bMahamegha
_aKiribathgoda
_c2017
300 _b116p, 22cm
942 _cBK
999 _c1949
_d1949
003 LK-CoDNM
040 _aLK-CoDNM
_dLK-CoDNM
_eLK-CoDNM